| 000 | 00524nam a2200193Ia 4500 | ||
|---|---|---|---|
| 005 | 20250326141259.0 | ||
| 008 | 250326s9999 xx 000 0 und d | ||
| 020 | _a81-224-0668-8 | ||
| 037 | _aTextbook | ||
| 040 |
_aFMSL _beng _cFMSL |
||
| 041 |
_aeng _2eng |
||
| 084 |
_aX:8.44 N4 _qFMSL |
||
| 100 | _aGupta N K | ||
| 245 | 0 |
_aManaging transition _cGupta N K; Ahmad Abad |
|
| 260 |
_aNew Delhi _bNew Delhi, Wiley Eastern _c1994 |
||
| 300 | _a453p | ||
| 942 |
_cTB _hX:8.44 N4 |
||
| 999 |
_c1289572 _d1289572 |
||